Poda y formación de los árboles forestales /

Guardado en:
Autor Principal: Hubert, Michel
Otros Autores: Courraud, René
Formato: Libro
Publicado: Mundi-prensa : Madrid, 1989
Materias:
Etiquetas: Agregar Etiqueta
Sin Etiquetas, Sea el primero en etiquetar este registro!
LEADER 00617nam a22002055a 4500
001 CEM.cems016750
005 20100531145347.0
008 130507s1989##################000#0#####d
003 CEMS
082 0 4 |a 634.95 
100 1 |a Hubert, Michel 
245 1 0 |a Poda y formación de los árboles forestales /  |c Michel Hubert y Rene Courraud 
260 |a Mundi-prensa :  |b Madrid,  |c 1989 
300 |a 300 p. 
653 |a Poda 
653 |a Árboles forestales-poda 
653 |a Poda-Árboles 
653 |a Árboles forestales-formación 
700 1 |a Courraud, René 
859 |a CEMS  |b BIB. CEMS - Agricultura  |h 634.95  |i H863  |p A18753.95  |t Ej.1